Pôsobenie menovej politiky na vybrané parametre ekonomiky
Analýza pôsobenia menovej politiky NBS (realizovanej prostredníctvom pôsobenia na krátkodobé úrokové miery) na vybrané parametre ekonomiky SR rokoch 1999-2008 prostredníctvom aplikácie metódy štruktúrnej vektorovej autoregresie (SVAR). Využitý ekonometrický model umožňuje zistiť príspevky menovo-po...
Gespeichert in:
| 1. Verfasser: | |
|---|---|
| Format: | Buchkapitel |
| Sprache: | Slowakisch |
| Schlagworte: | |
| Tags: |
Keine Tags, Fügen Sie das erste Tag hinzu!
|
MARC
| LEADER | 00000naa$a2200000$$$4500 | ||
|---|---|---|---|
| 001 | 0091715 | ||
| 005 | 20231116085318.3 | ||
| 041 | 0 | |a slo | |
| 044 | |a SK | ||
| 245 | 1 | 0 | |a Pôsobenie menovej politiky na vybrané parametre ekonomiky |c Rajmund Mirdala |
| 520 | |a Analýza pôsobenia menovej politiky NBS (realizovanej prostredníctvom pôsobenia na krátkodobé úrokové miery) na vybrané parametre ekonomiky SR rokoch 1999-2008 prostredníctvom aplikácie metódy štruktúrnej vektorovej autoregresie (SVAR). Využitý ekonometrický model umožňuje zistiť príspevky menovo-politických impulzov, vysielaných do ekonomiky prostredníctvom pôsobenia NBS na vývoj krátkodobých úrokových sadzieb, k variabilite vývoja vybraných makroekonomických premenných v podmienkach SR. | ||
| 610 | 2 | 0 | |a modely regresné |
| 610 | 2 | 0 | |a modely ekonometrické |
| 610 | 2 | 0 | |a politika menová |
| 610 | 2 | 0 | |a miera úroková |
| 610 | 2 | 0 | |a Slovensko |
| 100 | 1 | |a Mirdala, Rajmund | |